00943nam a2200217 i 4500001000300000245021500003260004500218300004700263500004000310504004200350650002600392650003600418650002600454655002900480020001500509040000800524041001900532080003500551008004100586856009800627bg00aDrewno i materiały drewnopochodne w konstrukcjach budowlanych :bsympozjum naukowe, Szczecin-Międzyzdroje, 05-06 września 1996 : referaty /cPolitechnika Szczecińska. Wydział Budownictwa i Architektury. aSzczecin :bWydaw. Uczelniane PS,c1996. a[2], 366 s. :bfot., rys., wykr. ;c24 cm. aTekst częśc. ang., ros., słow. aBibliogr., streszcz., summ. przy ref. 9aBudownictwo drewniane 9aDrewnoxstosowaniexbudownictwo 9aKonstrukcje budowlane aMateriały konferencyjne a8386359048 cBPK0 aplenruskbplen a624.01/.07:691/692:674](061.3) s pl f |000 0 pol  uhttp://koha.tu.koszalin.pl/cgi-bin/koha/opac-detail.pl?biblionumber=31655yKatalog online BPK